| 000 | 00590nam a22001937a 4500 | ||
|---|---|---|---|
| 003 | koha_MIRAKIL | ||
| 005 | 20241017125242.0 | ||
| 008 | 231213b |||||||| |||| 00| 0 ||| d | ||
| 020 | _a9786053749592 | ||
| 040 |
_aTR-IsEVY _btur _cTR-IsEVY |
||
| 082 | _aFIC AKK/A | ||
| 100 | _aAkkaş, Ebru | ||
| 245 | 0 |
_aAfrika'da kaplan yoktur / _cEbru Akkaş ; resimleyen Pelin Turgut. |
|
| 250 | _a3. bs. | ||
| 260 |
_bFinal Kültür Sanat Yayınları, _c2023. _aİstanbul : |
||
| 300 |
_a32 s. : _brenkli resimli ; _c27 cm. |
||
| 650 |
_aÇocuk edebiyatı. _vResimli Kitaplar. |
||
| 942 |
_2ddc _cBK |
||
| 999 |
_c20917 _d20917 |
||